00460nam a2200157Ia 4500008004100000020001800041082001400059100003800073245003300111250000800144260004200152300001800194500001900212600002100231650005000252240925s9999 xx 000 0 und d a9788177587654 a006.6 HEA aHearn, Donald ; Baker, M. Pauline 0aComputer Graphics: C version a1st aNew Delhi:bPearson Educationc,2014. a327p.bNAfNA aIncludes Index aComputer Science aComputer science, information & general works